01325nam a22002417a 450000500170000001000150001702000270003203500130005903700130007208200150008524500990010026000350019927000700023430000320030450000520033650505140038865000380090265000370094065000310097765000290100870000240103770000220106120150417114937.0 aENG-112535 a9789381904831c1325.00 aEN-96067 bDBAD/PUB a355.03306600aPerilous desert :cedited by Frederic Wehrey [and] Anouar Boukharsbinsecurity in the Sahara / aNew DelhibKW Publishersc2013 a4676/21, First Floor, Ansari Road, Daryaganj, bNew Delhie110002 aviii,213p.:c24cm(Hb)bmaps a Includes bibliographical references and index. aForeword / Marwan Muasher -- Introduction / Frederic Wehrey -- The struggle for security in east Libya / Frederic Wehrey -- Borderline chaos? stabilizing Libya’s periphery / Peter Cole -- Organized crime and conflict in the Sahel-Sahara region / Wolfram Lacher -- The paranoid neighbor: Algeria and the conflict in Mali / Anouar Boukhars -- The drivers of insecurity in Mauritania / Anouar Boukhars -- Mauritania’s Islamists / Alex Thurston -- Simmering discontent in the western Sahara / Anouar Boukhars. aSecurity, International zSahara. aSecurity, International zSahel. aNational securityzSahara. aNational securityzSahel aWehrey, Frederic M. aBoukhars, Anouar.